| 000 | 01053 a2200241 4500 | ||
|---|---|---|---|
| 005 | 20081010160342.0 | ||
| 008 | 081010t xxu||||| |||| 00| 0 ur d | ||
| 010 | _aUR-7366 | ||
| 020 |
_a8182233070 _c150.00 |
||
| 035 | _aU-5921 | ||
| 037 | _bD.B.Act / Pub | ||
| 082 | _a155.34 | ||
| 100 | _a معا زحسن | ||
| 245 |
_aجنسی تعلقات اسلام اور جديد سا ءنس کی روشنی ميں _cما ذ حسن |
||
| 246 |
_aJinsi Taluqat _bbyMaaz Hasan |
||
| 260 |
_aدھلی _bايجو کيشنل پبليشنگ ہا ؤس _c2007 |
||
| 270 |
_a3108،وکيل اسٹر يٹ کو چہ پنڈ ت لال کنو اں _bدھلی _e110006 _k23216162 _l009101123211540 _minfo@ephbooks.com,ephdelhi@yahoo.com |
||
| 300 |
_a384 p. _c22 cm (Pbk) |
||
| 650 | _aSex Psychology | ||
| 650 | _aجنسی تعلقات | ||
| 942 |
_adpl _cUR _2ddc _h155.34 _mما ذ |
||
| 999 |
_c5431 _d5431 |
||